Регионална библиотека "Любен Каравелов" - Русе

Социално осигуряване 2001 година (Запис номер 32840)

MARC детайли
000 -Лидер
Контролно поле с фиксирана дължина 02031nam a2200409 c 4500
003 - Код на организацията, давaща контролен номер
Контролно поле BLK
005 - Дата и час на последна редакция
Контролно поле 20180422100141.0
008 - Елементи от данни с фиксирана дължина
fixed length control field 180407b bul|||||r ||||||| ||bul||
010 ## - Наследен системен номер
LC control number KNG00035517000
020 ## - Международен стандартен номер на книга ISBN
Международен стандартен номер на книга ISBN 954-608-054-3
-- издат.: Труд и право
040 ## - Източник на каталожния запис
Идентификатор на билиотеката - собственик на записа BLK
041 ## - Код за език
Код за езика на текст/звукозапис или на отделно заглавие Български
Код за езика КДБФ Български
080 ## - УДК
Текстов определител УДК Трудово законодателство. Работническо законодателство. Социално законодателство
УДК код - определител по УДК 351.83
УДК определител :368(497.2)(094.9)
УДК - код + определител 351.83:368(497.2)(094.9)
139 ## - Редно поле
Редна дума България. Закони и др. п.
Авторски знак Бъл - Б 92
245 10 - Сведения за заглавието
Заглавие Социално осигуряване 2001 година
Подзаглавни данни Задължително обществено осигуряване ; Допълнително пенсионно осигуряване
Редно поле (дума) състав. и комент. Йордан Христосков.
257 ## - Страна на издаване
Страна на създаване/издаване България
260 ## - Област на издателските данни
-- София
Име на издателя, разпространителя и проч. Труд и право
Година на издаване 2001
Печатница София : Д. Благоев ООД
300 ## - Физическа характеристика
Страници 752 с.
Размери/Мащаб 21 см
380 ## - Жанр
Жанр Обществени науки
500 ## - Общи забележки
Забележка Други състав. В. Кръстева, Д. Асенова, И. Карановски Й. Милошев, Г. Георгиев Нормативни актове ; Указания на НОИ ; Приложен коментар
650 #4 - Допълнително описание по предмет – тема
Основно описание – тема или топоним Осигурително право
9 (RLIN) 264693
650 #4 - Допълнително описание по предмет – тема
Основно описание – тема или топоним Социално осигуряване - нормативни документи
9 (RLIN) 272569
651 #4 - Допълнително описание по предмет - топоним
Географско понятие България
9 (RLIN) 241624
653 ## - Ключова дума – ненормативна
Ключова дума социално осигуряване
653 ## - Ключова дума – ненормативна
Ключова дума осигуряване
653 ## - Ключова дума – ненормативна
Ключова дума 2001 г.
653 ## - Ключова дума – ненормативна
Ключова дума нормативни документи
653 ## - Ключова дума – ненормативна
Ключова дума България
653 ## - Ключова дума – ненормативна
Ключова дума социално право
700 1# - Други автори (авторска отговорност)
Лично име Христосков, Йордан
Автороска отговорност (Описва отношението между автора и произведението) състав. и комент.
9 (RLIN) 366874
710 1# - Име на организация или юридическо лице като допълнителен термин за търсене
Наименование на организация или юридическо лице като редна дума България. Закони и др. п.
9 (RLIN) 243213
852 ## - Местоположение
Форматна сигнатура Цб 207595
856 4# - Електронен адрес и достъп
Електронен формат pdf - файл
Път до файла /url/
856 4# - Електронен адрес и достъп
Електронен формат pdf - файл
Път до файла /url/
942 ## - АРТИКУЛИ
Вид на библиотечния материал Книги
Скрит в OPAC Не
944 ## - СЪЗДАВАНЕ И РЕДАКЦИЯ на ЗАПИСА
Създаване/Редакция Създаване
Дата на регистрацията/редакция 10.02.2003
Служител, извършил регистрацията/редакцията Цветанка_Енчева
944 ## - СЪЗДАВАНЕ И РЕДАКЦИЯ на ЗАПИСА
Създаване/Редакция Редакция
Дата на регистрацията/редакция 13.06.2005
Служител, извършил регистрацията/редакцията
999 ## - СИСТЕМНИ КОНТРОЛНИ НОМЕРА
Koha biblionumber 32840
Koha biblioitemnumber 32840
Наличности
Код за отписване Код за изгубен артикул Източник на класификационната схема Код за повреда Коз за рестрикции Код за отдаване Артикулен № Име на библиотеката - собственик Име на библиотеката, в която се намира в момента Статус (Текущо местоположение) Дата на вписване в системата Местоположение - отдел Цена в лева Инвентарен номер Систематично азбучна сигнатура Баркод Номер на екземпляра Цена в евро Служебна бележка Служебен тип на артикула
  Не е изгубен Universal Decimal Classification Не е повреден без рестрикции ползва се в читалня 52421 Регионална библиотека "Любен Каравелов" Русе Регионална библиотека "Любен Каравелов" Русе Хранилище 2001-01-01 Хранилище 19.80 662566 Цб 207595 120000662566 1 10.12 Дост: Dp Вид: Д N: 9 Дата: 01.01.2001 Книги
Изтеглен Не е изгубен Universal Decimal Classification Не е повреден без рестрикции заемане за дома 52422 Регионална библиотека "Любен Каравелов" Русе Регионална библиотека "Любен Каравелов" Русе Заемна - подръчен фонд 2003-06-27 Заемна - подръчен фонд 19.80 120000677094 П 351/Б 92 120000677094 2 10.12 Дост: DA Вид: А N: 18 Дата: 27.06.2003 Дата инв: 07.02.2018 Бележки инв: П2018 Книги
Vip Innovations Ltd, Rousse, Bulgaria 2025